000
00246nam a22001097a 4500
008
170125b xxu||||| |||| 00| 0 eng d
020
_a
0911910107
041
_a
eng
080
_2
17TH
_a
61
245
_a
THE MERC MANUAL
_c
BEERS, M.H
942
_2
udc
_c
BK
999
_c
3693
_d
3693